Telecommunication : use of 138-144 MHz band : protocol between the United States of America and Mexico, signed at Mexico City, August 3, 2007, with appendices.

Bibliographic Details
Corporate Authors: United States (Author), Mexico (Author)
Format: Government Document eBook
Language:English
Spanish
Language Notes:Text in English and Spanish.
Published: [Washington, D.C.] : U.S. Dept. of State, [2013?]
Series:Treaties and other international acts series ; 07-803.
Subjects:
Online Access:https://purl.fdlp.gov/GPO/gpo36325

MARC

Tag First Indicator Second Indicator Subfields
LEADER 00000cam a2200000 i 4500
001 in00003289727
005 20220106084419.0
006 m o d f
007 cr |||||||||||
008 130429s2013 dcu oz f000 0 eng c
035 |a (OCoLC)ocn841166562 
042 |a pcc 
043 |a n-us---  |a n-mx--- 
040 |a GPO  |b eng  |e rda  |c GPO  |d MvI 
041 1 |a eng  |a spa 
049 |a WWW 
074 |a 0899-A-01 (online) 
086 0 |a S 9.10:07-803 
110 1 |a United States,  |e author. 
240 1 0 |a Treaties, etc.  |g Mexico,  |d 2007 August 3 
245 1 0 |a Telecommunication :  |b use of 138-144 MHz band : protocol between the United States of America and Mexico, signed at Mexico City, August 3, 2007, with appendices. 
246 3 0 |a Protocol between the United States of America and Mexico, signed at Mexico City, August 3, 2007, with appendices 
264 1 |a [Washington, D.C.] :  |b U.S. Dept. of State,  |c [2013?] 
300 |a 1 online resource (24 unnumbered pages). 
336 |a text  |b txt  |2 rdacontent 
337 |a computer  |b c  |2 rdamedia 
338 |a online resource  |b cr  |2 rdacarrier 
490 1 |a Treaties and other international acts series ;  |v 07-803 
500 |a Title from title screen (viewed on April 29, 2013). 
546 |a Text in English and Spanish. 
650 0 |a Radio frequency allocation  |x Law and legislation  |z United States. 
650 0 |a Radio frequency allocation  |x Law and legislation  |z Mexico. 
650 0 |a Telecommunication  |x Law and legislation  |z United States. 
650 0 |a Telecommunication  |x Law and legislation  |z Mexico. 
650 0 |a Radio frequency allocation  |x International cooperation. 
710 1 |a United States.  |t Treaties, etc.  |g Mexico,  |d 2007 August 3.  |l Spanish. 
710 1 |a Mexico,  |e author. 
710 1 |a United States.  |b Department of State,  |e issuing body. 
830 0 |a Treaties and other international acts series ;  |v 07-803. 
856 4 0 |u https://purl.fdlp.gov/GPO/gpo36325  |t 0 
856 4 0 |u https://purl.fdlp.gov/GPO/gpo36325  |t 0 
999 f f |s 4d932de7-04f2-3a0c-a410-43ca1313fcb4  |i 41e2cc29-d3a8-3b21-a0b5-7454ee7c6acd  |t 0 
952 f f |a Texas A&M University  |b College Station  |c Electronic Resources  |d Available Online  |t 0  |e S 9.10:07-803  |h Superintendent of Documents classification 
998 f f |a S 9.10:07-803  |t 0  |l Available Online